000 01069nam a2200253 a 4500
005 20160302165032.0
008 061127s2006 ck a gr 000 0 spa d
020 _a9589773699
040 _aCO-BoBLA
_cCO-BoBLA
_dCO-BoIAVH
041 0 _aspa
044 _ack
082 0 4 _a333.75153
_bL36p
100 1 _aLeonhardt, Manuela.
245 1 0 _aPráctica empresarial sensible al conflicto :
_bguía para la reforestación comercial en Colombia (PESC-R) /
_cManuela Leonhardt, José Miguel Orozco.
260 _aBogotá :
_bDeutsche Gesellschaft fr Technische Zusammenarbeit (GTZ) GmbH,
_c2006.
300 _a94 páginas :
_bIlustraciones ;
_c30 x 21 cm.
504 _aIncluye referencias bibliográficas: páginas 92-94.
650 1 6 _aReforestación
_z Colombia
_v Guías.
650 2 6 _aConservación de bosques
_z Colombia
_v Guías.
650 2 4 _aIndustria de la madera
_z Colombia
_v Guías.
650 2 4 _aExplotación forestal
_z Colombia
_v Guías.
700 1 _aOrozco, José Miguel,
_d1895-1976.
942 _2ddc
_cLIBRO
999 _c5470
_d5470